Robin's case file / (Record no. 8325)
[ view plain ]
| 000 -LEADER | |
|---|---|
| fixed length control field | 01447nam a22002897a 4500 |
| 001 - CONTROL NUMBER | |
| control field | 8325 |
| 003 - CONTROL NUMBER IDENTIFIER | |
| control field | FISKH |
| 005 - DATE AND TIME OF LATEST TRANSACTION | |
| control field | 20250909102402.0 |
| 008 - FIXED-LENGTH DATA ELEMENTS--GENERAL INFORMATION | |
| fixed length control field | 250909b cb ||||| |||| 00| 0 eng d |
| 020 ## - INTERNATIONAL STANDARD BOOK NUMBER | |
| International Standard Book Number | 078073005994 |
| 040 ## - CATALOGING SOURCE | |
| Original cataloging agency | FISKH |
| Language of cataloging | eng |
| Transcribing agency | FISKH |
| Modifying agency | FISKH |
| 082 ## - DEWEY DECIMAL CLASSIFICATION NUMBER | |
| Classification number | 303 |
| 100 ## - MAIN ENTRY--PERSONAL NAME | |
| Personal name | Ryan-Herndon, Lisa |
| 245 ## - TITLE STATEMENT | |
| Title | Robin's case file / |
| Statement of responsibility, etc. | by Lisa Ryan-Herndon |
| 250 ## - EDITION STATEMENT | |
| Edition statement | First printing, August 2004 |
| 260 ## - PUBLICATION, DISTRIBUTION, ETC. | |
| Place of publication, distribution, etc. | New York : |
| Name of publisher, distributor, etc. | Scholastic , |
| Date of publication, distribution, etc. | 2004. |
| 300 ## - PHYSICAL DESCRIPTION | |
| Extent | 59 pages : |
| Other physical details | color illustrations ; |
| Dimensions | 19 cm . |
| 490 ## - SERIES STATEMENT | |
| Series statement | Teen titans |
| 505 ## - FORMATTED CONTENTS NOTE | |
| Formatted contents note | M <br/> |
| 520 ## - SUMMARY, ETC. | |
| Summary, etc. | Teen Titans: five teenage superheroes fighting for truth, justice,and the last slice of pizza! Robin's always been the unofficial leader of the Teen Titans. Even though he doesn't have superpowers, he's daring, able to make quick decisions, smart, and skilled in the martial arts. He's also got a fully-loaded utility belt to help him out of the tough situations he and the team face. But sometimes, even Robin needs help. Help Robin solve one of his toughest cases using the clues and information that he's amassed in his Case Files. There's room for you to write questions-and answers-puzzles to solve, codes to decode, and a surprising answer at the end. |
| 521 8# - TARGET AUDIENCE NOTE | |
| Target audience note | 550 <br/> |
| Source | Lexile <br/> |
| 521 8# - TARGET AUDIENCE NOTE | |
| Target audience note | M <br/> |
| Source | Raz-Plus <br/> |
| 650 ## - SUBJECT ADDED ENTRY--TOPICAL TERM | |
| Topical term or geographic name entry element | Batman |
| Form subdivision | Children's Books |
| 700 ## - ADDED ENTRY--PERSONAL NAME | |
| Personal name | Funnypages Productions |
| Relator term | Illustrator |
| 942 ## - ADDED ENTRY ELEMENTS (KOHA) | |
| Source of classification or shelving scheme | Dewey Decimal Classification |
| Koha item type | Books |
| Suppress in OPAC | No |
| Withdrawn status | Lost status | Source of classification or shelving scheme | Damaged status | Not for loan | Collection | Home library | Current library | Shelving location | Date acquired | Total Checkouts | Full call number | Barcode | Date last seen | Price effective from | Koha item type |
|---|---|---|---|---|---|---|---|---|---|---|---|---|---|---|---|
| Dewey Decimal Classification | Juvenile Fiction | Footprints International School Library Network Toul Tom Poung Campus | Footprints International School Library Network Toul Tom Poung Campus | TTP Primary Yellow Bookshelves | 09/09/2025 | RYA 303 | FIS02610 | 09/09/2025 | 09/09/2025 | Books |
